Caravaggio : l'ombra del genio /

La vita le luci e le ombre del celebre pittore Michelangelo Merisi da Caravaggio, nato lombardo sul finire del sedicesimo secolo e trasferitosi a Roma per amore dell'arte.

Đã lưu trong:
Chi tiết về thư mục
Tác giả chính: Bacalov, Luis (Nhà soạn nhạc)
Tác giả khác: Longoni, Angelo, (1956-2025) (Giám đốc), Boni, Alessio, (1966- ) (Diễn viên), Bifano, Stefania, Purgatori, Andrea (Người viết kịch bản), Di Benedetto, Ida (Diễn viên), Briguglia, Paolo (Diễn viên), Ricci, Elena Sofia (Diễn viên), Sadler, Benjamin (Diễn viên), Keim, Claire (Diễn viên), Carrington, James (Người viết kịch bản), Molla, Jordi (Diễn viên)
Định dạng: Luận văn Slide
Ngôn ngữ:Tiếng Italy
Được phát hành: [Roma] : 01 Distribution, 2009
Các nhãn: Thêm thẻ
Không có thẻ, Là người đầu tiên thẻ bản ghi này!

MARC

LEADER 00000ngm a22000007i 4500
001 IT\ICCU\MOD\1543925
003 ItRI
005 20260124182909.0
008 090507s2009 it |||||||||||||||k|||||c
024 3 1 |a 8032807025636 
028 4 2 |a 02526 
028 4 2 |a 02563 
040 |b ita 
041 7 |a ita  |2 ISO-639-2 
082 |a 791.45  |9 TELEVISIONE  |2 19 
130 0 |a Caravaggio <film TV ; 2007>  |3 IT\ICCU\MOD\1543935 
245 0 0 |a Caravaggio :  |b l'ombra del genio /  |c regia di Angelo Longoni ; soggetto e sceneggiatura James H. Carrington, Andrea Purgatori ; cinematografia Vittorio Storaro ; musiche composte e dirette da Luis Bacalov. 
246 1 3 |a Caravaggio <risorsa elettronica>  |9 IT\ICCU\RAV\1204522 
260 |a [Roma] :  |b 01 Distribution,  |c 2009 
300 |a 1 DVD-Video (ca. 130 min.) :  |b color., sonoro ;  |c 12 cm 
500 |a Caratteristiche tecniche: regione 2; PAL; 2.35:1, anamorfico 16:9; DVD 9; Dolby digital 5.1; color 
500 |a Tit. del contenitore 
500 |a Produzione televisiva Italia 2007 
500 |a Lingue: italiano; sottotitoli: italiano non udenti, inglese 
502 |a Contenuti speciali: Dietro le quinte. 
511 |a Interpreti: Alessio Boni, Elena Sofia Ricci, Jordi Molla, Paolo Briguglia, Claire Keim, Benjamin Sadler 
520 |a La vita le luci e le ombre del celebre pittore Michelangelo Merisi da Caravaggio, nato lombardo sul finire del sedicesimo secolo e trasferitosi a Roma per amore dell'arte. 
700 1 |a Longoni, Angelo,  |d  (1956-2025)  |0 IT\ICCU\CFIV\090104  |4 drt 
700 1 |a Boni, Alessio,  |d  (1966- )  |0 IT\ICCU\LO1V\266882  |4 act 
700 1 |a Bifano, Stefania  |0 IT\ICCU\MODV\636857 
700 1 |a Purgatori, Andrea  |0 IT\ICCU\RAVV\048083  |4 sce 
700 1 |a Di Benedetto, Ida  |0 IT\ICCU\RAVV\099759  |4 act 
700 1 |a Bacalov, Luis  |0 IT\ICCU\RAVV\101546  |4 cmp 
700 1 |a Briguglia, Paolo  |0 IT\ICCU\RAVV\304662  |4 act 
700 1 |a Ricci, Elena Sofia  |0 IT\ICCU\TO0V\426799  |4 act 
700 1 |a Sadler, Benjamin  |0 IT\ICCU\UBOV\011896  |4 act 
700 1 |a Keim, Claire  |0 IT\ICCU\UBOV\194737  |4 act 
700 1 |a Carrington, James  |0 IT\ICCU\UBOV\487273  |4 sce 
700 1 |a Molla, Jordi  |0 IT\ICCU\UBOV\683802  |4 act 
790 1 |a Bacalov, Luis Enrique  |3 IT\ICCU\CFIV\222665  |z Bacalov, Luis 
790 1 |a Enriquez, Luis,  |d  (1933-2017)  |3 IT\ICCU\SBNV\054178  |z Bacalov, Luis 
790 1 |a Bacalov, Enriquez  |3 IT\ICCU\SBNV\088049  |z Bacalov, Luis 
790 1 |a Bacalov, Luis Enriquez  |3 IT\ICCU\UBOV\023546  |z Bacalov, Luis 
790 1 |a Barucchieri, Elena Sofia  |3 IT\ICCU\SBNV\026631  |z Ricci, Elena Sofia 
942 |2 ddc  |c VM  |n 0 
952 |0 0  |1 0  |4 0  |6 VO_1688_000000000000000  |7 0  |9 27730  |a BO  |b BO  |d 2026-01-24  |i 13021  |l 0  |o VO 1688  |p BO13021  |r 2026-01-24 18:29:09  |w 2026-01-24  |x [Sebina 5] [1 dvd]  |y VM  |z 1 dvd 
999 |c 23503  |d 23503